Wielka piątka Afryki - Statystyki

Ogólne statystyki
  • Ten quiz został rozwiązany 6 667 razy
  • Średni wynik to 3 z 5
Statystyki odpowiedzi
Zwierzę % Poprawnych
Lew
98%
Słoń
91%
Nosorożec
62%
Lampart
44%
Bawół
37%
Nie znaleziono quizów pasujących do podanych kryteriów
Rozkład punktacji
Procent ludzi z każdym wynikiem
Percentyl według liczby udzielonych odpowiedzi
Twoja historia wyników
Nie rozwiązałeś tego quizu